000 00386nam a2200169Ia 4500
001 12571
003 IN-NITTTR
005 20251114233117.0
008 251113s9999||||xx |||||||||||||| ||eng||
040 _beng
040 _cIN-NITTTR
041 _aeng
082 _a770.2 M749F
100 _aMonk, Barry
245 0 _aFreelance photography handbook /
_cMonk, Barry
942 _2ddc
_cBK
999 _c15207
_d15207